| 000 | 01089nam a22002897a 4500 | ||
|---|---|---|---|
| 003 | PE SENCICO BE | ||
| 005 | 20251020182709.0 | ||
| 008 | 241217b |||||||| |||| 00| 0 eng d | ||
| 020 | _a978-84-9801-769-4 | ||
| 040 |
_aPE SENCICO BE _cPE SENCICO BE |
||
| 041 | _aspa | ||
| 082 |
_a721.832 _bB23 |
||
| 100 | 1 |
_92761 _aBarton, Paul _eautor |
|
| 245 | 1 |
_aEl detalle en el diseño contemporáneo de escaleras / _cPaul Barton |
|
| 250 | _a[1a ed.] | ||
| 260 |
_aBarcelona : _bBlume ; _c2014 |
||
| 300 |
_a184 p. : _bplanos, diagramas, ilustraciones ; _c29 cm. |
||
| 505 | 0 | _aResidencial -- Cultural -- Locales comerciales -- Oficinas -- Hoteles | |
| 520 | 3 | _aCada proyecto de muestra en cuatro páginas claras y concisas. Todos los planos se presentan en un formato consistente y a escalas arquitectónicas estandar para realizar comparaciones con facilidad. | |
| 650 | 1 | 0 |
_91656 _aEscaleras |
| 650 | 2 | 0 |
_96 _aOficinas |
| 650 | 2 | 0 |
_91806 _aHoteles |
| 650 | 2 | 0 |
_9880 _aCentros comerciales |
| 650 | 2 | 0 |
_918 _aDiseño arquitectónico |
| 910 |
_ahfp _bhfp _chfp |
||
| 942 |
_2ddc _cLIB |
||
| 999 |
_c5028 _d5028 |
||